| 000 | 00533nam a2200181Ia 4500 | ||
|---|---|---|---|
| 003 | GCL | ||
| 008 | 140319s9999 xx 000 0 ara d | ||
| 040 |
_aGCL / _cGCL |
||
| 082 | 0 | 4 |
_a001.603 _bم ق |
| 100 | 1 | _aمحمود الشريف | |
| 245 | 1 | 0 |
_aقاموس مفردات الكمبيوتر / _cمحمود الشريف |
| 260 |
_a[S.N] : _bالمكتبة الاكاديمية ، _c1993 |
||
| 300 | _a274 ص | ||
| 490 | _a | ||
| 650 | 0 | 4 | _aالحاسبات الالكترونية |
| 650 | 0 | 4 | _aالمعاجم |
| 942 |
_2ddc _cBK |
||
| 999 |
_c29397 _d29397 |
||